000 00369 a2200109 4500
001 ART_40048
005 20260410161842.0
008 260409a
245 1 0 _aEl agotamiento de la instancia administrativa como presupuesto de acceso a la instancia judicial
100 1 _aMuratorio, Jorge I.
773 0 _tRAP
_g- Año 23, Nº 268 (ene. 2001)
_wREV5941
999 _c24165
_d24165